| 000 | | | 05417cbc2a2200000#x 450 |
| 001 | | | e748c406-1671-4a1f-a8fa-d56c9a7db324 |
| 005 | | | 20180910133420.0 |
| 100 | ## | $a | 20131017l18411842k y0rusy0189 ca |
| 101 | 0# | $a | rus |
| 102 | ## | $a | RU |
| 251 | ## | $c | Дело |
| 225 | 0# | $a | Фонд Департамент государственной экономии Государственного совета |
| | $h | Опись № 3 |
| | $i | 1842 год |
| 324 | ## | $a | Пленка |
| 801 | #0 | $a | RU |
| | $b | РГИА |
| | $c | 20131017 |
| 801 | #1 | $a | RU |
| | $b | ГлавНИВЦ |
| | $c | 20131017 |
| | $2 | rusmarc |
| 801 | #2 | $a | RU |
| | $b | ПБ им. Б.Н. Ельцина |
| | $c | 20131029 |
| | $g | RCR |
| | $2 | rusmarc |
| 850 | ## | $a | Федеральное казенное учреждение "Российский государственный исторический архив" (РГИА) |
| 852 | ## | $a | РГИА |
| | $j | 55 б) |
| 937 | ## | $a | ASBIBLIO_SCAN |
| | $b | РГИА_1152:_3:1842_55:б |
| | $d | 6042150 |
| | $h | РГИА |
| 200 | 1# | $a | Дело об устройстве рыбных промыслов на Каспийском море |
| | $e | начато 17 сентября 1841 года - Высочайше утверждено 9 ноября 1842 года |
| | $j | 1841-1842 |
| 215 | ## | $a | 545 листов |
| 035 | ## | $a | e748c406-1671-4a1f-a8fa-d56c9a7db324 |
| 606 | 1# | $2 | nlr_sh1 |
| | $3 | RU\NLR\AUTH\66532604 |
| | $a | Рыболовство |
| | $j | Документы и материалы |
| | $y | Каспийское море |
| 606 | 1# | $2 | nlr_sh |
| | $3 | RU\NLR\AUTH\661445661 |
| | $a | Рыболовство |
| | $j | Документы и материалы |
| | $x | Бассейн |
| | $y | Каспийское море |
| 686 | ## | $2 | rubbk |
| | $a | 65.351ю1 |
| | $v | LBC/M |
| 686 | ## | $a | 63.3(2)52ю1 |
| | $v | LBC/M |
| | $2 | rubbk |
| 686 | ## | $a | 65.03(2)52ю1 |
| | $v | LBC/M |
| | $2 | rubbk |
| 605 | ## | $2 | acquisition_Prlib |
| | $3 | LIBNET\UAF\0000077049 |
| | $a | Государственное регулирование водных биологических ресурсов |
| | $l | коллекция |
| 605 | ## | $a | Территория |
| | $l | коллекция |
| | $2 | acquisition_Prlib |
| | $3 | DITM\AF\0000004675 |
| 605 | ## | $a | Власть |
| | $l | коллекция |
| | $2 | acquisition_Prlib |
| | $3 | DITM\AF\0000002775 |
| 122 | 2# | $a | d18410917## |
| | $a | d18421109## |
| 300 | ## | $a | Рукописный текст |
| 461 | #0 | $1 | 0010d5be7de-e8a8-41f9-ad39-4638185d5a90 |
| | $1 | 2001 |
| | $a | Департамент государственной экономии Государственного совета |
| | $1 | 251 |
| | $c | Фонд |
| | $1 | 852 |
| | $j | 1152 |
| 462 | #0 | $1 | 001a169f9c9-b4f2-4d85-a1db-e90cb644cf38 |
| | $1 | 2001 |
| | $a | 1840-1849 |
| | $v | Д. 55 б) |
| | $1 | 251 |
| | $c | Опись |
| | $1 | 852 |
| | $j | 3 |